Business Intelligence v prostredí Microsoft SQL Server diplomová práca

Salvato in:
Dettagli Bibliografici
Autore principale: Šivec, Marek
Ente Autore: Fakulta hospodárskej informatiky EU. Katedra aplikovanej informatiky
Altri autori: Kristová, Gabriela
Natura: Libro
Lingua:slovacco
Pubblicazione: Bratislava 2011
Tags: Aggiungi Tag
Nessun Tag, puoi essere il primo ad aggiungerne!!

MARC

LEADER 00000nbm a2200000 4500
001 0140858
005 20161109101955.4
041 0 |a slo 
044 |a SK 
245 1 0 |a Business Intelligence v prostredí Microsoft SQL Server  |b diplomová práca  |c Marek Šivec ; školiteľ: Gabriela Kristová 
264 1 |a Bratislava  |c 2011 
300 |a 63 s. 
100 1 |a Šivec, Marek 
700 1 |a Kristová, Gabriela 
710 2 |a Fakulta hospodárskej informatiky EU. Katedra aplikovanej informatiky